Strategia konkurencji w przemysle

Guardado en:
Detalles Bibliográficos
Autor principal: Kaleta, Andrzej
Formato: Libro
Lenguaje:polaco
Publicado: Wroclaw Wydawnictwo Akademii Ekonomicznej im. Oskara Langego we Wroclawiu 2000
Colección:Prace naukowe nr. 854 Seria: Monografie i Opracowania nr. 136
Materias:
Etiquetas: Agregar Etiqueta
Sin Etiquetas, Sea el primero en etiquetar este registro!

MARC

LEADER 00000nam a2200000 4500
001 c122208
005 20250630093744.8
020 |a 83-7011-434-2 
022 |a 0324-8445, 0239-8532 
041 0 |a pol 
044 |a PL 
245 1 0 |a Strategia konkurencji w przemysle  |c Andrzej Kaleta 
264 1 |a Wroclaw  |b Wydawnictwo Akademii Ekonomicznej im. Oskara Langego we Wroclawiu  |c 2000 
300 |a 272 s. 
490 1 |a Prace naukowe nr. 854  |v Seria: Monografie i Opracowania nr. 136 
830 0 |a Prace naukowe nr. 854  |v Seria: Monografie i Opracowania nr. 136 
610 2 0 |a konkurencia 
610 2 0 |a stratégia podniková 
610 2 0 |a konkurencieschopnosť 
610 2 0 |a diverzifikácia 
610 2 0 |a priemysel 
100 1 |a Kaleta, Andrzej